000 01478cam a2200361 i 4500
001 20357933
003 OSt
005 20230926121054.0
008 180214s2019 mau 001 0 eng
010 _a 2018006823
020 _a9789356064034
020 _a9780134753119
020 _a0134753119
040 _aDLC
_beng
_cDLC
_erda
_dDLC
042 _apcc
050 0 0 _aQA273
_b.R83 2019
082 0 0 _a519.2
_bROS/F
100 _aRoss, Sheldon M
_eauthor.
_9775
245 1 2 _aA first course in probability /
_cSheldon Ross, University of Southern California.
246 3 0 _aProbability
250 _aTenth edition.
264 1 _aBoston :
_bPearson,
_c2019.
300 _a517 pages ;
_c26 cm
336 _atext
_btxt
_2rdacontent
337 _aunmediated
_bn
_2rdamedia
338 _avolume
_bnc
_2rdacarrier
500 _aIncludes index.
505 0 _aCombinatorial analysis -- Axioms of probability -- Conditional probability and independence -- Random variables -- Continuous random variables -- Jointly distributed random variables -- Properties of expectation -- Limit theorems -- Additional topics in probability -- Simulation -- Common continuous distributions.
650 0 _aProbabilities
_vTextbooks.
906 _a7
_bcbc
_corignew
_d1
_eecip
_f20
_gy-gencatlg
942 _2ddc
_cBK
_h519.2
_iROS/F
_k519.2
_mROS/F
999 _c42439
_d42439